| 000 | 00525nam a2200181Ia 4500 | ||
|---|---|---|---|
| 999 |
_c29968 _d29968 |
||
| 003 | OSt | ||
| 005 | 20210108120837.0 | ||
| 008 | 190216s9999||||xx |||||||||||||| ||und|| | ||
| 020 | _a9788188016327 | ||
| 040 | _coclc | ||
| 082 |
_a894.812301 _bMAN/P |
||
| 100 |
_aMankada, Samad _98258 |
||
| 245 | 0 |
_aPalastheente Parithapa Katha / _cSamad Mankada |
|
| 260 |
_bLipi Publications, _c2013. _aKozhikode: |
||
| 300 | _a79p | ||
| 650 | _aStories | ||
| 942 |
_cBK _2ddc _h894.812301 _iMAN/P _k894.812301 _mMAN/P |
||